| 000 | 00484cam a2200181ua 4500 | ||
|---|---|---|---|
| 020 | _c1.25 | ||
| 041 |
_aeng _h |
||
| 082 |
_a539.732 _bWIL/AC |
||
| 100 | _aWilson, Robert R . | ||
| 245 |
_aAccelerators: Machines of nuclear physics / _cRobert R Wilson. _hTextual Documents |
||
| 260 |
_aMumbai : _bVakils, Jeffer and Simon Pvt Ltd , _c1965. |
||
| 300 | _a196 ; . | ||
| 365 | _a1.25 | ||
| 504 | _a | ||
| 700 | 1 | _aLittauen , Raphael . | |
| 942 | _cBK | ||
| 999 |
_c9284 _d9284 |
||